| 000 | 01008nam a22003137a 4500 | ||
|---|---|---|---|
| 999 |
_c200451555 _d69767 |
||
| 001 | 200451555 | ||
| 003 | TR-AnTOB | ||
| 005 | 20230123170514.0 | ||
| 007 | ta | ||
| 008 | 230123s2010 tu a|||j |||| 00| j tur d | ||
| 020 | _a9789752102583 | ||
| 040 |
_aTR-AnTOB _beng _erda _cTR-AnTOB |
||
| 041 | 0 | _atur | |
| 092 |
_a398.5 _bBATu 2010 |
||
| 100 | 1 |
_aBatur, Suat _eadaptor _922867 |
|
| 245 | 1 | 0 |
_aTürk fablleri dizisi : _buçtu uçtu hamdi uçtu / _cOrta oyunundan uyarlayan: Suat Batur ; Resimleyen: Murat Sevinç. |
| 250 | _a1. baskı | ||
| 264 | 1 |
_aİstanbul : _bAltın Kitaplar Yayınevi, _c2010. |
|
| 300 |
_a16 pages : _billustrations ; _c20 cm. |
||
| 336 |
_2rdacontent _atext _btxt |
||
| 337 |
_2rdamedia _aunmediated _bn |
||
| 338 |
_2rdacarrier _avolume _bnc |
||
| 500 | _a"7-9 Yaş" | ||
| 653 |
_aÇocuk hikayeleri _aFabllar _aRüyalar _aArkadaşlık ilişkileri |
||
| 700 | 1 |
_aSevinç, Murat _eillustrator _9119187 |
|
| 942 |
_2ddc _cBK |
||